|
|
|
|
| LEADER |
00000nam a2200000 i 4500 |
| 001 |
1/99557 |
| 008 |
081216s2005 gre d |
| 020 |
|
|
|a 960-7083-66-0
|
| 035 |
|
|
|l 10102509
|
| 040 |
|
|
|a GR-MY-UA
|b gre
|e aacr
|
| 041 |
0 |
|
|a gre
|
| 082 |
0 |
|
|a 615.532
|2 (22)
|
| 100 |
1 |
|
|a Διαμαντίδης, Σπύρος Α.
|
| 245 |
1 |
0 |
|a Ομοιοπαθητική φιλοσοφία και ιπποκρατική ιατρική /
|c Σπύρος Διαμαντίδης
|
| 260 |
|
|
|a Αθήνα :
|b Γόρδιος,
|c c2005
|
| 300 |
|
|
|a 347 σ.;
|c 21 εκ.
|
| 504 |
|
|
|a Βιβλιογραφία: σ. [305]-319
|
| 600 |
0 |
0 |
|a Ιπποκράτης,
|d π. 460-π. 377.
|
| 650 |
0 |
0 |
|a Homeopathy
|x Philosophy.
|
| 852 |
|
|
|a INST
|b SYROS
|e 20081216
|h 615.532 ΔΙΑ
|p 005500008824
|q 005500008824
|t BK
|y 0
|
| 901 |
|
|
|a BIBL5-2008-3
|
| 909 |
|
|
|a Ε
|b 141434
|
| 922 |
|
|
|a 5ΕΛΗ
|b 200711
|c ΕΠΕΑΕΚ2/ΤΜΣΠΣ
|d Σ. ΠΑΤΑΚΗΣ
|
| 970 |
|
|
|a ΚΟΝΤΟΥ
|b ΠΑΡΑΣΚΕΥΗ
|z 2008/12/16
|